000 00527nam a2200193Ia 4500
005 20260429112215.0
008 260429s9999||||xx |||||||||||||| ||und||
020 _a9789362248640
041 _aEnglish
082 _a631.52
_bKRE
100 _aKress, Sabine
245 0 _aBreeding of field and agricultural crops /
_cSabine Kress
260 _aNew Delhi :
_bDiscovery Publishing House,
_c2025.
300 _avi, 275 p.; hb
650 _a Cultivation
650 _a Plant breeding
650 _aAgriculture
942 _cTB
999 _c52900
_d52900